Sports Quiz

Random Sports or NBA Quiz

NBA: Greatest Defensive Teams Quiz Stats

Quiz not verified by Sporcle

Also try: NBA Team Trios
Challenge
Share
Tweet
Embed
Score 0/85 Timer 10:00
2 Plays Today
Hint Name % Correct
1999 Spurs (-7.2)Tim Duncan
97.6%
1999 Spurs (-7.2)Tim Duncan
97.6%
2004 Spurs (-8.8)Tim Duncan
97.6%
2004 Spurs (-8.8)Tim Duncan
97.6%
2004 Spurs (-8.8)Tim Duncan
97.6%
2016 Spurs (-7.4)Tim Duncan
97.6%
2016 Spurs (-7.4)Tim Duncan
97.6%
2005 Spurs (-7.3)Tim Duncan
97.6%
2005 Spurs (-7.3)Tim Duncan
97.6%
2005 Spurs (-7.3)Tim Duncan
97.6%
2012 Celtics (-6.4)Kevin Garnett
97%
2008 Celtics (-8.6)Kevin Garnett
97%
2008 Celtics (-8.6)Kevin Garnett
97%
2011 Celtics (-7.0)Kevin Garnett
97%
2011 Celtics (-7.0)Kevin Garnett
97%
2011 Celtics (-7.0)Kevin Garnett
97%
2012 Celtics (-6.4)Rajon Rondo
94.7%
2008 Celtics (-8.6)Rajon Rondo
94.7%
2011 Celtics (-7.0)Rajon Rondo
94.7%
2014 Pacers (-7.3)Paul George
92.5%
2014 Pacers (-7.3)Paul George
92.5%
2004 Pistons (-7.5)Ben Wallace
91.9%
2004 Pistons (-7.5)Ben Wallace
91.9%
2004 Pistons (-7.5)Ben Wallace
91.9%
2004 Pistons (-7.5)Ben Wallace
91.9%
2007 Bulls (-6.9)Ben Wallace
91.9%
2007 Bulls (-6.9)Ben Wallace
91.9%
2007 Bulls (-6.9)Ben Wallace
91.9%
2011 Bulls (-7.0)Derrick Rose
91.9%
Hint Name % Correct
1994 Knicks (-8.1)Patrick Ewing
91.1%
1993 Knicks (-8.3)Patrick Ewing
91.1%
1993 Knicks (-8.3)Patrick Ewing
91.1%
2016 Spurs (-7.4)Kawhi Leonard
89.3%
2011 Bulls (-7.0)Joakim Noah
86.7%
2004 Spurs (-8.8)Manu Ginobili
84.2%
2005 Spurs (-7.3)Manu Ginobili
84.2%
1997 Heat (-6.1)Alonzo Mourning
79.1%
1997 Heat (-6.1)Alonzo Mourning
79.1%
2008 Celtics (-8.6)Kendrick Perkins
77.8%
1989 Jazz (-6.3)John Stockton
76.3%
2014 Pacers (-7.3)Roy Hibbert
75.4%
1981 76ers (-6.0)Julius Erving
72.9%
1999 Spurs (-7.2)David Robinson
72.1%
1981 Suns (-6.1)Truck Robinson
71.9%
1994 Knicks (-8.1)John Starks
66.3%
1974 Bucks (-4.1)Lucius Allen
63.7%
2016 Spurs (-7.4)LaMarcus Aldridge
62%
1974 Bucks (-4.1)Kareem Abdul-Jabbar
60.6%
1974 Bucks (-4.1)Kareem Abdul-Jabbar
60.6%
1975 Bullets (-6.4)Wes Unseld
58.7%
1975 Bullets (-6.4)Elvin Hayes
54.7%
1994 Knicks (-8.1)Charles Oakley
52.5%
1989 Jazz (-6.3)Mark Eaton
52.4%
1989 Jazz (-6.3)Mark Eaton
52.4%
1981 Suns (-6.1)Dennis Johnson
49.9%
1997 Heat (-6.1)TIm Hardaway
49.7%
2011 Bulls (-7.0)Carlos Boozer
49.7%
1981 76ers (-6.0)Maurice Cheeks
46%
Hint Name % Correct
2012 Celtics (-6.4)Jermaine O'Neal
40.9%
1983 Nets (-5.8)Buck Williams
38.5%
1974 Pistons (-3.9)Bob Lanier
38%
1974 Pistons (-3.9)Bob Lanier
38%
1981 76ers (-6.0)Caldwell Jones
36.4%
2007 Bulls (-6.9)Tyrus Thomas
30.1%
1974 Bulls (-4.1)Jerry Sloan
22.2%
2012 Celtics (-6.4)Avery Bradley
20.6%
1981 Suns (-6.1)Alvan Adams
18.7%
1983 Nets (-5.8)Darryl Dawkins
16.1%
1983 Nets (-5.8)Micheal Ray Richardson
14.5%
1998 Cavaliers (-5.9)Zydrunas Ilgauskas
13.1%
1998 Cavaliers (-5.9)Brevin Knight
12%
1998 Cavaliers (-5.9)Shawn Kemp
12%
1993 Knicks (-8.3)Greg Anthony
8.5%
1978 Suns (-3.9)Ron Lee
7.5%
1975 Bullets (-6.4)Phil Chenier
6.6%
1978 Suns (-3.9)Gar Heard
5.2%
1978 Suns (-3.9)Gar Heard
5.2%
2011 Bulls (-7.0)Omer Asik
4.9%
1983 Bullets (-5.4)Rick Mahorn
4%
1983 Bullets (-5.4)Rick Mahorn
4%
2014 Pacers (-7.3)CJ Watson
2.9%
1983 Bullets (-5.4)Greg Ballard
2.7%
1974 Pistons (-3.9)Chris Ford
2.5%
1974 Bulls (-4.1)Clifford Ray
2.2%
1974 Bulls (-4.1)Clifford Ray
2.2%

You're not logged in!

Compare scores with friends on all Sporcle quizzes.
Join for Free
OR
Log In

You Might Also Like...

Show Comments

Extras

Top Quizzes Today


Score Distribution

Your Account Isn't Verified!

In order to create a playlist on Sporcle, you need to verify the email address you used during registration. Go to your Sporcle Settings to finish the process.

Report this User

Report this user for behavior that violates our Community Guidelines.

Details: